Cargando...

The first part of King Henry VI

Detalles Bibliográficos
Autor Principal: Cairncross, Andrews
Formato: Printed Book
Publicado: London, Methuen & Company Ltd 1977
Series:1
The arden edition of the works of William Shakespeare
Subjects:
LEADER 005870000a22001810004500
082 |a 82.33 WIL/K L7 
100 |a Cairncross, Andrews  |f Ed 
245 |a The first part of King Henry VI 
260 |a London, Methuen & Company Ltd 
260 |c 1977 
490 |a 1 
490 |a The arden edition of the works of William Shakespeare 
650 |a Drama 
650 |a English literature 
650 |a Shakespeare, William 
942 |c BK 
999 |c 134207  |d 134203 
952 |0 0  |1 0  |4 0  |6 82_330000000000000_WIL_K_L7  |7 0  |9 133118  |a SCP  |b SCP  |d 2014-02-11  |l 0  |o 82.33 WIL/K L7  |p SCP00736  |r 2014-02-11  |w 2014-02-11  |y BK